000 00515cam a22002051 4500
001 sa 63002297
003 DLC
005 20260227111933.0
008 790322s1962 ii 000 0 eng
010 _asa 63002297
035 _a(OCoLC)4768518
040 _aDLC
_cNmLcU
_dOCoLC
_dDLC
042 _apremarc
050 0 0 _aAC8
_b.K828
100 1 _aKripalani, Krishna,
_d1907-1993.
245 1 0 _aFaith and frivolity.
250 _a[1st ed.]
260 _aNew Delhi,
_bMalancha
_c[1962]
300 _a218 p.
_c22 cm.
999 _c54391
_d54391